[Event "New York President's Day IM-C"]
[Site "New York USA"]
[Date "2025.02.15"]
[Round "4"]
[White "Golubka, Petro"]
[Black "Novik, Maxim"]
[Result "1/2-1/2"]
[WhiteElo "2361"]
[BlackElo "2392"]
[WhiteFideId "-1"]
[BlackFideId "-1"]
[PlyCount "32"]
[GameId "523990350627"]
[EventDate "2025.02.14"]
[EventType "tourn"]
[EventRounds "9"]
[EventCountry "USA"]
[SourceTitle "Mega2025 Update 16"]
[Source "Chessbase"]
[SourceDate "2025.02.21"]
[SourceVersion "1"]
[SourceVersionDate "2025.02.21"]
[SourceQuality "1"]

1. e4 c6 2. d4 d5 3. e5 Bf5 4. g4 Bd7 5. h3 h5 6. gxh5 c5 7. Nf3 Nc6 8. c4 e6 9. dxc5 Bxc5 10. Nc3 Nge7 11. h6 gxh6 12. a3 a6 13. b4 Ba7 14. Bf4 Rc8 15. Rc1 Ng6 16. Bg3 Bb8 1/2-1/2

[Event "New York President's Day IM-C"]
[Site "New York USA"]
[Date "2025.02.16"]
[Round "5"]
[White "Tanenbaum, Zachary"]
[Black "Golubka, Petro"]
[Result "1-0"]
[WhiteElo "2302"]
[BlackElo "2361"]
[WhiteFideId "-1"]
[BlackFideId "-1"]
[PlyCount "95"]
[GameId "523990350631"]
[EventDate "2025.02.14"]
[EventType "tourn"]
[EventRounds "9"]
[EventCountry "USA"]
[SourceTitle "Mega2025 Update 16"]
[Source "Chessbase"]
[SourceDate "2025.02.21"]
[SourceVersion "1"]
[SourceVersionDate "2025.02.21"]
[SourceQuality "1"]

1. e4 c5 2. Nf3 d6 3. d4 cxd4 4. Nxd4 Nf6 5. Nc3 g6 6. Be3 Bg7 7. f3 Nc6 8. Qd2 O-O 9. g4 Be6 10. Nxe6 fxe6 11. O-O-O Ne5 12. Be2 Rc8 13. Nb5 a6 14. Nd4 Qd7 15. Kb1 Nc4 16. Bxc4 Rxc4 17. h4 Rfc8 18. c3 b5 19. Rc1 e5 20. Nb3 Qe6 21. h5 Kf7 22. Qd3 d5 23. Nd2 d4 24. hxg6+ hxg6 25. cxd4 Rxc1+ 26. Rxc1 Rxc1+ 27. Kxc1 exd4 28. Bxd4 Qxa2 29. Nb3 Bh6+ 30. Kc2 Bf4 31. Bc3 Kg7 32. e5 Ng8 33. e6+ Kh6 34. Qd4 Kg5 35. Qd8 b4 36. Bxb4 Qa4 37. Bc3 Qc6 38. Qxg8 Qxf3 39. Nd2 Qxg4 40. Qf7 Qf5+ 41. Qxf5+ Kxf5 42. Nb3 g5 43. Kd3 Kxe6 44. Nc5+ Kd5 45. Nxa6 e5 46. Nb4+ Kc5 47. Ke4 Kc4 48. Nd3 1-0

[Event "New York President's Day IM-C"]
[Site "New York USA"]
[Date "2025.02.16"]
[Round "6"]
[White "Golubka, Petro"]
[Black "Jing, Andrew"]
[Result "1/2-1/2"]
[WhiteElo "2361"]
[BlackElo "2259"]
[WhiteFideId "-1"]
[BlackFideId "-1"]
[PlyCount "143"]
[GameId "523990350636"]
[EventDate "2025.02.14"]
[EventType "tourn"]
[EventRounds "9"]
[EventCountry "USA"]
[SourceTitle "Mega2025 Update 16"]
[Source "Chessbase"]
[SourceDate "2025.02.21"]
[SourceVersion "1"]
[SourceVersionDate "2025.02.21"]
[SourceQuality "1"]

1. e4 e5 2. Bc4 Nf6 3. d3 c6 4. Nf3 d5 5. Bb3 a5 6. a3 a4 7. Ba2 Bd6 8. O-O h6 9. Nc3 Be6 10. Re1 Nbd7 11. d4 Nxe4 12. Nxe4 dxe4 13. Bxe6 exf3 14. Bxd7+ Qxd7 15. dxe5 Bc7 16. Qxf3 O-O 17. Bf4 Qf5 18. Qe4 Qe6 19. Bd2 Rfe8 20. Bc3 b5 21. f4 f5 22. Qf3 Rad8 23. h3 Bb6+ 24. Kh2 Rd5 25. Rad1 Red8 26. Rxd5 Rxd5 27. g4 g6 28. Re2 Kh7 29. Rg2 Bc5 30. gxf5 gxf5 31. Bb4 Bxb4 32. axb4 Rd7 33. Qg3 Qf7 34. h4 Qe6 35. h5 Qf7 36. Qf3 Rd5 37. Rg6 Rd2+ 38. Kh3 Qd5 39. Qxd5 cxd5 40. Rc6 Rd4 41. Rc7+ Kg8 42. e6 Kf8 43. Rf7+ Ke8 44. Rxf5 Ke7 45. c3 Rd3+ 46. Kg4 Kxe6 47. Rf8 d4 48. Rh8 dxc3 49. Rxh6+ Kd5 50. bxc3 Kc4 51. Rc6+ Kb3 52. Rc5 Rd6 53. Rxb5 Ra6 54. Re5 a3 55. b5 a2 56. Re1 Rb6 57. f5 Kxc3 58. Kg5 Rxb5 59. h6 Rb1 60. h7 Rxe1 61. h8=Q+ Kc2 62. Qc8+ Kb1 63. Qb7+ Ka1 64. Qb6 Rc1 65. f6 Rc2 66. f7 Rg2+ 67. Kh6 Rh2+ 68. Kg5 Rh5+ 69. Kg4 Rg5+ 70. Kh3 Rh5+ 71. Kg4 Rg5+ 72. Kxg5 1/2-1/2

[Event "New York President's Day IM-C"]
[Site "New York USA"]
[Date "2025.02.17"]
[Round "7"]
[White "Pang, Qi"]
[Black "Golubka, Petro"]
[Result "1/2-1/2"]
[WhiteElo "2228"]
[BlackElo "2361"]
[WhiteFideId "-1"]
[BlackFideId "-1"]
[PlyCount "93"]
[GameId "523990350642"]
[EventDate "2025.02.14"]
[EventType "tourn"]
[EventRounds "9"]
[EventCountry "USA"]
[SourceTitle "Mega2025 Update 16"]
[Source "Chessbase"]
[SourceDate "2025.02.21"]
[SourceVersion "1"]
[SourceVersionDate "2025.02.21"]
[SourceQuality "1"]

1. d4 d5 2. Nf3 Nf6 3. c4 dxc4 4. e3 e6 5. Bxc4 c5 6. O-O a6 7. dxc5 Qxd1 8. Rxd1 Bxc5 9. Be2 Nbd7 10. Nbd2 b6 11. b3 Bb7 12. Bb2 Ke7 13. Ne1 a5 14. Nd3 Rhc8 15. Nxc5 bxc5 16. Nc4 Bd5 17. f3 a4 18. e4 Bxc4 19. Bxc4 Nb6 20. Bf1 axb3 21. axb3 g6 22. Ba3 Nfd7 23. Rdc1 h5 24. Kf2 Ne5 25. Be2 h4 26. Ke3 g5 27. Bxc5+ Rxc5 28. Rxc5 Rxa1 29. Rxe5 f6 30. Rb5 Nd7 31. f4 gxf4+ 32. Kxf4 Ne5 33. Rb7+ Kd6 34. Rb6+ Ke7 35. Rb7+ Kd6 36. Rb6+ Ke7 37. Bc4 Nxc4 38. bxc4 Ra2 39. Kf3 Rc2 40. Rb7+ Kd6 41. Rh7 Rc3+ 42. Kf4 Rxc4 43. Rxh4 f5 44. Ke3 Ke5 45. g3 Ra4 46. exf5 Rxh4 47. gxh4 1/2-1/2

[Event "New York President's Day IM-C"]
[Site "New York USA"]
[Date "2025.02.17"]
[Round "8"]
[White "Golubka, Petro"]
[Black "Dhyana, Patel"]
[Result "1/2-1/2"]
[WhiteElo "2361"]
[BlackElo "2023"]
[WhiteFideId "-1"]
[BlackFideId "-1"]
[PlyCount "31"]
[GameId "524199469478"]
[EventDate "2025.02.14"]
[EventType "tourn"]
[EventRounds "9"]
[EventCountry "USA"]
[SourceTitle "Mega2025 Update 16"]
[Source "Chessbase"]
[SourceDate "2025.02.21"]
[SourceVersion "1"]
[SourceVersionDate "2025.02.21"]
[SourceQuality "1"]
[TimeControl "90+30"]

1. d4 {[%emt 0:00:00]} Nf6 {[%emt 0:00:00]} 2. c4 {[%emt 0:00:00]} g6 {[%emt 0:00:00]} 3. Nc3 {[%emt 0:00:00]} d5 {[%emt 0:00:00]} 4. cxd5 {[%emt 0:00:00]} Nxd5 {[%emt 0:00:00]} 5. e4 {[%emt 0:00:00]} Nxc3 {[%emt 0:00:00]} 6. bxc3 {[%emt 0:00:00]} Bg7 {[%emt 0:00:00]} 7. Nf3 {[%emt 0:00:00]} O-O {[%emt 0:00:00]} 8. Be2 {[%emt 0:00:00]} c5 {[%emt 0:00:00]} 9. O-O {[%emt 0:00:00]} Nc6 {[%emt 0:00:00]} 10. Be3 {[%emt 0:00:00]} Qa5 {[%emt 0:00:00]} 11. d5 {[%emt 0:00:00]} Ne5 {[%emt 0:00:00]} 12. Nd2 {[%emt 0:00:00]} c4 {[%emt 0:00:00]} 13. Bd4 {[%emt 0:00:00]} b5 {[%emt 0:00:00]} 14. h3 {[%emt 0:00:00]} Nd7 {[%emt 0:00:00]} 15. Bxg7 {[%emt 0:00:00]} Kxg7 {[%emt 0:00:00]} 16. a4 {[%emt 0:00:00]} 1/2-1/2

[Event "New York President's Day IM-C"]
[Site "New York USA"]
[Date "2025.02.17"]
[Round "9"]
[White "Lund, Silas"]
[Black "Golubka, Petro"]
[Result "1-0"]
[WhiteElo "2272"]
[BlackElo "2361"]
[WhiteFideId "-1"]
[BlackFideId "-1"]
[PlyCount "77"]
[GameId "524199469486"]
[EventDate "2025.02.14"]
[EventType "tourn"]
[EventRounds "9"]
[EventCountry "USA"]
[SourceTitle "Mega2025 Update 16"]
[Source "Chessbase"]
[SourceDate "2025.02.21"]
[SourceVersion "1"]
[SourceVersionDate "2025.02.21"]
[SourceQuality "1"]
[TimeControl "90+30"]

1. d4 {[%emt 0:00:00]} Nf6 {[%emt 0:00:00]} 2. c4 {[%emt 0:00:00]} c5 {[%emt 0:00:00]} 3. d5 {[%emt 0:00:00]} e6 {[%emt 0:00:00]} 4. Nc3 {[%emt 0:00:00]} exd5 {[%emt 0:00:00]} 5. cxd5 {[%emt 0:00:00]} d6 {[%emt 0:00:00]} 6. Nf3 {[%emt 0:00:00]} g6 {[%emt 0:00:00]} 7. Nd2 {[%emt 0:00:00]} Bg7 {[%emt 0:00:00]} 8. e4 {[%emt 0:00:00]} O-O {[%emt 0:00:00]} 9. Be2 {[%emt 0:00:00]} Re8 {[%emt 0:00:00]} 10. O-O {[%emt 0:00:00]} Na6 {[%emt 0:00:00]} 11. f4 {[%emt 0:00:00]} Nc7 {[%emt 0:00:00]} 12. a4 {[%emt 0:00:00]} b6 {[%emt 0:00:00]} 13. Bf3 {[%emt 0:00:00]} Ba6 {[%emt 0:00:00]} 14. Re1 {[%emt 0:00:00]} h5 {[%emt 0:00:00]} 15. h3 {[%emt 0:00:00]} Nd7 {[%emt 0:00:00]} 16. e5 {[%emt 0:00:00]} dxe5 {[%emt 0:00:00]} 17. d6 {[%emt 0:00:00]} Ne6 {[%emt 0:00:00]} 18. Nd5 {[%emt 0:00:00]} Nxf4 {[%emt 0:00:00]} 19. Nc7 {[%emt 0:00:00]} Nf6 {[%emt 0:00:00]} 20. Nxe8 {[%emt 0:00:00]} Qxe8 {[%emt 0:00:00]} 21. Ne4 {[%emt 0:00:00]} Nd3 {[%emt 0:00:00]} 22. Nxf6+ {[%emt 0:00:00]} Bxf6 {[%emt 0:00:00]} 23. d7 {[%emt 0:00:00]} Qd8 {[%emt 0:00:00]} 24. Bxa8 {[%emt 0:00:55.04]} Qxa8 {[%emt 0:00:00]} 25. Rf1 {[%emt 0:00:05]} Be7 {[%emt 0:00:00]} 26. a5 {[%emt 0:00:40]} Nxc1 {[%emt 0:00:00]} 27. Rxc1 {[%emt 0:02:43]} Bxf1 {[%emt 0:00:00]} 28. Qxf1 {[%emt 0:00:40]} Qc6 {[%emt 0:00:00]} 29. Rd1 {[%emt 0:00:54]} Bd8 {[%emt 0:00:00]} 30. Qa6 {[%emt 0:00:42]} h4 {[%emt 0:00:00]} 31. Qxa7 {[%emt 0:02:36]} bxa5 {[%emt 0:00:00]} 32. Qb8 {[%emt 0:00:15]} Qf6 {[%emt 0:00:00]} 33. Re1 {[%emt 0:00:26]} c4 {[%emt 0:00:00]} 34. Qxe5 {[%emt 0:01:09]} Qb6+ {[%emt 0:00:00]} 35. Kh1 {[%emt 0:00:45]} Bf6 {[%emt 0:00:00]} 36. Qd5 {[%emt 0:00:58]} Kg7 {[%emt 0:00:00]} 37. Rf1 {[%emt 0:00:47]} Qd8 {[%emt 0:00:00]} 38. Qf3 {[%emt 0:00:57]} Bxb2 {[%emt 0:00:00]} 39. Qxf7+ {[%emt 0:00:06]} 1-0

[Event "Gora Sw Anny"]
[Site "Gora Sw Anny POL"]
[Date "2025.02.03"]
[Round "1"]
[White "Omelja, Artem"]
[Black "Golubka, Petro"]
[Result "1/2-1/2"]
[WhiteElo "2413"]
[BlackElo "2361"]
[WhiteFideId "-1"]
[BlackFideId "-1"]
[PlyCount "32"]
[GameId "2143899097033035"]
[EventDate "2025.02.03"]
[EventType "tourn"]
[EventRounds "9"]
[EventCountry "POL"]
[EventCategory "1"]
[SourceTitle "Mega2025 Update 15"]
[Source "Chessbase"]
[SourceDate "2025.02.14"]
[SourceVersion "1"]
[SourceVersionDate "2025.02.14"]
[SourceQuality "1"]

1. e4 e6 2. b3 d5 3. Bb2 Nf6 4. e5 Nfd7 5. f4 c5 6. Nf3 Nc6 7. Nc3 a6 8. d4 cxd4 9. Ne2 Bb4+ 10. Kf2 Nc5 11. Nexd4 Ne4+ 12. Kg1 Bd7 13. Bd3 Bc5 14. Qe2 Qb6 15. Qe3 Rc8 16. h4 f5 1/2-1/2

[Event "Gora Sw Anny"]
[Site "Gora Sw Anny POL"]
[Date "2025.02.04"]
[Round "3"]
[White "Juhanak, Daniel"]
[Black "Golubka, Petro"]
[Result "1/2-1/2"]
[WhiteElo "2090"]
[BlackElo "2361"]
[WhiteFideId "-1"]
[BlackFideId "-1"]
[PlyCount "42"]
[GameId "2143899097041238"]
[EventDate "2025.02.03"]
[EventType "tourn"]
[EventRounds "9"]
[EventCountry "POL"]
[EventCategory "1"]
[SourceTitle "Mega2025 Update 15"]
[Source "Chessbase"]
[SourceDate "2025.02.14"]
[SourceVersion "1"]
[SourceVersionDate "2025.02.14"]
[SourceQuality "1"]

1. Nf3 Nf6 2. c4 b6 3. g3 Bb7 4. Bg2 g6 5. O-O Bg7 6. Nc3 O-O 7. b3 Ne4 8. Bb2 Nxc3 9. Bxc3 Bxc3 10. dxc3 d6 11. Qd2 Kg7 12. h4 Nd7 13. h5 Nf6 14. h6+ Kg8 15. Ne1 c6 16. Nc2 Qc7 17. Rfd1 d5 18. cxd5 cxd5 19. Ne3 Rfd8 20. Qd4 Rac8 21. Rac1 Rd6 1/2-1/2

[Event "Gora Sw Anny"]
[Site "Gora Sw Anny POL"]
[Date "2025.02.05"]
[Round "4"]
[White "Praczukowski, Stanislaw"]
[Black "Golubka, Petro"]
[Result "0-1"]
[WhiteElo "2140"]
[BlackElo "2361"]
[WhiteFideId "-1"]
[BlackFideId "-1"]
[PlyCount "31"]
[GameId "2143899097041239"]
[EventDate "2025.02.03"]
[EventType "tourn"]
[EventRounds "9"]
[EventCountry "POL"]
[EventCategory "1"]
[SourceTitle "Mega2025 Update 15"]
[Source "Chessbase"]
[SourceDate "2025.02.14"]
[SourceVersion "1"]
[SourceVersionDate "2025.02.14"]
[SourceQuality "1"]

1. e4 e6 2. d4 d5 3. Nc3 Bb4 4. Nge2 Ne7 5. a3 Ba5 6. b4 Bb6 7. e5 a5 8. Rb1 axb4 9. axb4 Nf5 10. Be3 f6 11. exf6 Qxf6 12. Qd2 Nc6 13. Nb5 O-O 14. c3 Nxe3 15. Qxe3 e5 16. Qd2 0-1

[Event "Gora Sw Anny"]
[Site "Gora Sw Anny POL"]
[Date "2025.02.06"]
[Round "5"]
[White "Golubka, Petro"]
[Black "Sabuk, Piotr"]
[Result "1/2-1/2"]
[WhiteElo "2361"]
[BlackElo "2338"]
[WhiteFideId "-1"]
[BlackFideId "-1"]
[PlyCount "32"]
[GameId "2143899097045344"]
[EventDate "2025.02.03"]
[EventType "tourn"]
[EventRounds "9"]
[EventCountry "POL"]
[EventCategory "1"]
[SourceTitle "Mega2025 Update 15"]
[Source "Chessbase"]
[SourceDate "2025.02.14"]
[SourceVersion "1"]
[SourceVersionDate "2025.02.14"]
[SourceQuality "1"]

1. e4 e5 2. Bc4 Nf6 3. d3 Nc6 4. Nc3 Na5 5. Nge2 d6 6. O-O Be7 7. a4 Nxc4 8. dxc4 O-O 9. Qd3 Kh8 10. b3 Be6 11. f4 exf4 12. Nxf4 Ng4 13. Ncd5 Bf6 14. Nxf6 Qxf6 15. Bd2 Qh4 16. h3 Ne5 1/2-1/2

[Event "Gora Sw Anny"]
[Site "Gora Sw Anny POL"]
[Date "2025.02.06"]
[Round "6"]
[White "Chojnacki, Slawomir"]
[Black "Golubka, Petro"]
[Result "1/2-1/2"]
[WhiteElo "2189"]
[BlackElo "2361"]
[WhiteFideId "-1"]
[BlackFideId "-1"]
[PlyCount "119"]
[GameId "2143899097045346"]
[EventDate "2025.02.03"]
[EventType "tourn"]
[EventRounds "9"]
[EventCountry "POL"]
[EventCategory "1"]
[SourceTitle "Mega2025 Update 15"]
[Source "Chessbase"]
[SourceDate "2025.02.14"]
[SourceVersion "1"]
[SourceVersionDate "2025.02.14"]
[SourceQuality "1"]

1. d4 d5 2. Bf4 Bg4 3. c3 c6 4. Nd2 Nd7 5. h3 Bh5 6. Qb3 Qb6 7. e4 e6 8. Be2 Bxe2 9. Nxe2 Ngf6 10. exd5 Nxd5 11. Bg3 Be7 12. Nc4 Qa6 13. O-O O-O 14. Nf4 b5 15. Ne3 N7b6 16. Rfe1 Rfc8 17. Rac1 Bf8 18. Nd3 c5 19. Nxd5 Nxd5 20. c4 bxc4 21. Qxc4 Qxc4 22. Rxc4 cxd4 23. Rxd4 Rc2 24. Rd1 g5 25. h4 h6 26. hxg5 hxg5 27. a3 a5 28. Ra4 Bg7 29. Nb4 Rc4 30. b3 Nb6 31. bxc4 Nxa4 32. Nc6 Bf8 33. Ne5 Nc3 34. Rd3 Ne4 35. Nd7 Be7 36. Be5 a4 37. f3 Nc5 38. Nxc5 Bxc5+ 39. Kf1 Rc8 40. Bf6 Bf8 41. Ke2 Kh7 42. Rc3 Kg6 43. Bd4 e5 44. Be3 Bc5 45. Bxc5 Rxc5 46. Kd3 g4 47. Rc1 gxf3 48. gxf3 Kf5 49. Kc3 Kf4 50. Kb4 Rc8 51. c5 Kxf3 52. Rf1+ Kg2 53. Rxf7 e4 54. Re7 Kf3 55. Re6 e3 56. Rf6+ Kg2 57. Rg6+ Kf3 58. Rf6+ Kg2 59. Rg6+ Kf3 60. Rf6+ 1/2-1/2

[Event "Gora Sw Anny"]
[Site "Gora Sw Anny POL"]
[Date "2025.02.08"]
[Round "8"]
[White "Krzywda, Andrzej"]
[Black "Golubka, Petro"]
[Result "1-0"]
[WhiteElo "2162"]
[BlackElo "2361"]
[WhiteFideId "-1"]
[BlackFideId "-1"]
[PlyCount "61"]
[GameId "2143899097045357"]
[EventDate "2025.02.03"]
[EventType "tourn"]
[EventRounds "9"]
[EventCountry "POL"]
[EventCategory "1"]
[SourceTitle "Mega2025 Update 15"]
[Source "Chessbase"]
[SourceDate "2025.02.14"]
[SourceVersion "1"]
[SourceVersionDate "2025.02.14"]
[SourceQuality "1"]

1. e4 e6 2. d4 d5 3. exd5 exd5 4. Nf3 Nc6 5. Bb5 Bd6 6. c4 dxc4 7. d5 a6 8. Bxc4 Qe7+ 9. Be2 Ne5 10. O-O Nf6 11. Re1 O-O 12. Bf4 Ng6 13. Bxa6 Qd8 14. Bxd6 Qxd6 15. Bc4 Bg4 16. Nc3 Rfd8 17. h3 Bxf3 18. Qxf3 Ne5 19. Qf4 Nxc4 20. Qxc4 h6 21. Rad1 Rd7 22. a4 Qa6 23. Qf4 Rad8 24. Re3 Qd6 25. Qc4 Qa6 26. Qf4 Qd6 27. Qxd6 Rxd6 28. Re7 Rb6 29. Rxc7 Rxb2 30. d6 Rc2 31. Nd5 1-0

[Event "Gora Sw Anny"]
[Site "Gora Sw Anny POL"]
[Date "2025.02.09"]
[Round "9"]
[White "Golubka, Petro"]
[Black "Smietanska, Wiktoria"]
[Result "1-0"]
[WhiteElo "2361"]
[BlackElo "2170"]
[WhiteFideId "-1"]
[BlackFideId "-1"]
[PlyCount "111"]
[GameId "2143899097049457"]
[EventDate "2025.02.03"]
[EventType "tourn"]
[EventRounds "9"]
[EventCountry "POL"]
[EventCategory "1"]
[SourceTitle "Mega2025 Update 15"]
[Source "Chessbase"]
[SourceDate "2025.02.14"]
[SourceVersion "1"]
[SourceVersionDate "2025.02.14"]
[SourceQuality "1"]

1. d4 d5 2. c4 e6 3. Nf3 Nf6 4. g3 Bb4+ 5. Bd2 Be7 6. Bg2 O-O 7. O-O c6 8. Qc2 Nbd7 9. Rd1 b6 10. b3 a5 {is cutting edge theory. ist die Avantgarde der Theorie.} 11. Bc3 Ba6 12. Nbd2 b5 13. e4 dxe4 14. Ng5 $146 (14. Ne5 Qc7 15. Bxa5 Qxa5 16. Nxc6 Qc7 17. Nxe7+ Kh8 18. Nxe4 Bb7 19. d5 Nxe4 20. Bxe4 {1-0 Bru Rullo,L (2246)-Alvarez Albiol,V (2203) Foment Martinenc op-A 23rd Barcelona 2023 (7)}) 14... Qc7 15. Ngxe4 Rac8 16. Rab1 Nxe4 17. Bxe4 Nf6 18. Bg2 Rfd8 19. a4 b4 20. Bb2 Bb7 21. Nf3 c5 22. Ne1 Bxg2 23. Nxg2 cxd4 24. Bxd4 Nd7 25. Ne3 Bc5 26. Bb2 Bd6 27. Ng2 Be5 28. Bc1 Bc3 29. Bg5 f6 30. Bf4 e5 31. Be3 Nf8 32. Nh4 Ne6 33. Rxd8+ Rxd8 34. Rd1 Bd4 35. Nf3 Bxe3 36. fxe3 Nc5 37. Rd5 Rd7 38. e4 Kf7 39. Kf2 Qb6 40. Kg2 Ke7 41. Nd2 Ne6 42. Qd3 Qc6 43. h4 Qc7 44. Qe3 Qd8 45. Nf3 Qc8 46. Rxa5 Qc7 47. Rd5 Rxd5 48. exd5 Nc5 49. Nd4 Kf7 50. Nc6 Qd6 51. a5 e4 52. Qf4 Qxf4 53. gxf4 Nxb3 54. a6 e3 55. Nxb4 Nd2 56. a7 1-0

[Event "Brena Baja Magica"]
[Site "Brena Baja ESP"]
[Date "2025.01.07"]
[Round "1"]
[White "Herrera Reyes, Jose Antonio"]
[Black "Golubka, Petro"]
[Result "1/2-1/2"]
[WhiteElo "2328"]
[BlackElo "2353"]
[WhiteFideId "-1"]
[BlackFideId "-1"]
[PlyCount "149"]
[GameId "2133754865288001"]
[EventDate "2025.01.07"]
[EventType "tourn"]
[EventRounds "9"]
[EventCountry "ESP"]
[EventCategory "6"]
[SourceTitle "Mega2025 Update 11"]
[Source "Chessbase"]
[SourceDate "2025.01.17"]
[SourceVersion "1"]
[SourceVersionDate "2025.01.17"]
[SourceQuality "1"]

1. e4 c5 2. Nc3 a6 3. g3 e6 4. Bg2 Nc6 5. Nge2 d6 6. O-O Nf6 7. d4 cxd4 8. Nxd4 Bd7 9. a4 {9.Nxc6 is the modern continuation. 9.Sxc6 ist die moderne Fortsetzung.} Be7 10. Nb3 Na5 11. Nxa5 Qxa5 12. Qd3 $146 (12. Bd2 Qc7 13. a5 Bc6 14. Be3 Nd7 15. Na4 O-O 16. Nb6 Nxb6 17. Bxb6 Qd7 18. c4 Bd8 19. Qd4 f5 20. Rfd1 Bxb6 21. axb6 Rad8 22. c5 fxe4 23. cxd6 Bd5 24. Rac1 Qxd6 25. Bxe4 {½-½ Safarli,E (2660)-Grachev,B (2683) TUR-chT Denizli 2013 (10.1)}) 12... Bc6 13. b4 Qxb4 14. Nd5 exd5 15. exd5 Bxa4 16. Bd2 Qb5 17. Qd4 Bxc2 18. Rfe1 Qd3 19. Qb4 O-O 20. Ra3 a5 21. Qc3 Qxc3 22. Rxc3 Be4 23. Bxe4 Nxe4 24. Rxe4 Bf6 25. Ra3 b6 26. Rea4 Rfc8 27. Be3 Bd8 28. Rb3 f6 29. Kg2 Kf7 30. Kf3 Rab8 31. Rb5 Ke8 32. Rh4 h6 33. Ra4 h5 34. h4 f5 35. Ke2 Rc2+ 36. Kd3 Rbc8 37. Ra3 Kd7 38. Bd4 Rc1 39. Bxb6 Rb8 40. Rab3 Bxb6 41. Rxb6 Rd1+ 42. Kc2 Rxb6 43. Rxb6 Rxd5 44. Rb7+ Kc6 45. Rxg7 Rc5+ 46. Kb2 Re5 47. f4 Re2+ 48. Kc3 Kd5 49. Kd3 Ra2 50. Ke3 a4 51. Rh7 Ra3+ 52. Kf2 Ke4 53. Re7+ Kd4 54. Rf7 Rc3 55. Rxf5 Rc5 56. Rf6 Rd5 57. g4 hxg4 58. h5 a3 59. h6 a2 60. h7 a1=Q 61. h8=Q Kd3 62. Rh6 Rd4 63. Qh7+ Kd2 64. Rh1 Rxf4+ 65. Kg3 Qe5 66. Qh2+ Kd3 67. Rd1+ Kc4 68. Qa2+ Kc5 69. Qa7+ Kc6 70. Qa6+ Kd7 71. Rxd6+ Qxd6 72. Qxd6+ Kxd6 73. Kxf4 g3 74. Kf3 g2 75. Kxg2 1/2-1/2

[Event "Brena Baja Magica"]
[Site "Brena Baja ESP"]
[Date "2025.01.08"]
[Round "3"]
[White "Grieve, Harry"]
[Black "Golubka, Petro"]
[Result "1-0"]
[WhiteElo "2458"]
[BlackElo "2353"]
[WhiteFideId "-1"]
[BlackFideId "-1"]
[PlyCount "45"]
[GameId "2133754865288011"]
[EventDate "2025.01.07"]
[EventType "tourn"]
[EventRounds "9"]
[EventCountry "ESP"]
[EventCategory "6"]
[SourceTitle "Mega2025 Update 11"]
[Source "Chessbase"]
[SourceDate "2025.01.17"]
[SourceVersion "1"]
[SourceVersionDate "2025.01.17"]
[SourceQuality "1"]

1. e4 c5 2. Nf3 e6 3. d4 cxd4 4. Nxd4 Nc6 5. Nc3 a6 6. Be3 Nf6 7. a3 d5 8. exd5 exd5 {has lost popularity (8...Nxd5). verliert an Beliebtheit (8...Sxd5).} 9. h3 Bd6 10. Qd2 O-O 11. O-O-O Be6 12. g4 Rc8 13. f4 $146 (13. g5 Nxd4 14. Qxd4 Bc5 15. Qf4 Nh5 16. Qf3 g6 17. Bxc5 Rxc5 18. h4 Qc7 19. Qe3 {1-0 Sethuraman,S (2582)-Golubka,P (2440) Sant Boi de Llobregat op 4th 2023 (2)}) 13... Re8 14. Kb1 Na5 15. g5 Nh5 16. f5 Bd7 17. g6 fxg6 18. fxg6 hxg6 19. Rg1 Ng3 20. Bg2 Nc4 21. Bxd5+ Kh7 22. Bxc4 Rxc4 23. Nf3 1-0

[Event "Brena Baja Magica"]
[Site "Brena Baja ESP"]
[Date "2025.01.09"]
[Round "4"]
[White "Golubka, Petro"]
[Black "Mamani Beltran, Deniman"]
[Result "1-0"]
[WhiteElo "2353"]
[BlackElo "2321"]
[WhiteFideId "-1"]
[BlackFideId "-1"]
[PlyCount "53"]
[GameId "2133754865292112"]
[EventDate "2025.01.07"]
[EventType "tourn"]
[EventRounds "9"]
[EventCountry "ESP"]
[EventCategory "6"]
[SourceTitle "Mega2025 Update 11"]
[Source "Chessbase"]
[SourceDate "2025.01.17"]
[SourceVersion "1"]
[SourceVersionDate "2025.01.17"]
[SourceQuality "1"]

1. Nf3 Nf6 2. g3 d5 3. Bg2 c5 4. c4 d4 5. O-O Nc6 6. d3 e6 7. e3 Bd6 8. exd4 cxd4 9. a3 a5 10. Bg5 O-O 11. Nbd2 Be7 12. Bxf6 Bxf6 13. c5 a4 14. Nc4 Be7 15. Nb6 Ra6 16. Rc1 Bxc5 17. Nxc8 b6 18. Nxb6 Qxb6 19. Ng5 Nd8 20. Qh5 h6 21. Nxf7 Nxf7 22. Qxc5 Qxb2 23. Rb1 Qa2 24. Rb7 Qe2 25. Be4 e5 26. Rc1 Rf6 27. Qxf8+ 1-0

[Event "Brena Baja Magica"]
[Site "Brena Baja ESP"]
[Date "2025.01.10"]
[Round "5"]
[White "Fiorito, Francisco"]
[Black "Golubka, Petro"]
[Result "1/2-1/2"]
[WhiteElo "2433"]
[BlackElo "2353"]
[WhiteFideId "-1"]
[BlackFideId "-1"]
[PlyCount "25"]
[GameId "2133754865292117"]
[EventDate "2025.01.07"]
[EventType "tourn"]
[EventRounds "9"]
[EventCountry "ESP"]
[EventCategory "6"]
[SourceTitle "Mega2025 Update 11"]
[Source "Chessbase"]
[SourceDate "2025.01.17"]
[SourceVersion "1"]
[SourceVersionDate "2025.01.17"]
[SourceQuality "1"]

1. Nf3 Nf6 2. c4 e6 3. Nc3 d5 4. e3 dxc4 5. Bxc4 a6 6. a4 c5 7. d4 Nc6 8. O-O cxd4 9. exd4 Be7 10. Re1 O-O 11. d5 exd5 12. Nxd5 Nxd5 13. Qxd5 1/2-1/2

[Event "Brena Baja Magica"]
[Site "Brena Baja ESP"]
[Date "2025.01.10"]
[Round "6"]
[White "Golubka, Petro"]
[Black "Defromont, Benjamin"]
[Result "1-0"]
[WhiteElo "2353"]
[BlackElo "2394"]
[WhiteFideId "-1"]
[BlackFideId "-1"]
[PlyCount "65"]
[GameId "2133754865296218"]
[EventDate "2025.01.07"]
[EventType "tourn"]
[EventRounds "9"]
[EventCountry "ESP"]
[EventCategory "6"]
[SourceTitle "Mega2025 Update 11"]
[Source "Chessbase"]
[SourceDate "2025.01.17"]
[SourceVersion "1"]
[SourceVersionDate "2025.01.17"]
[SourceQuality "1"]

1. Nf3 Nf6 2. g3 g6 3. Bg2 Bg7 4. O-O O-O 5. d4 d6 6. c4 Nfd7 7. Nc3 e5 8. e4 exd4 9. Nxd4 Nc6 10. Nde2 Nc5 11. Be3 Re8 12. Qd2 Bg4 13. f3 Be6 14. b3 a5 15. Rab1 f5 16. Nf4 Bf7 17. Nfd5 fxe4 18. fxe4 Bxd5 19. Nxd5 Re5 20. a3 Kh8 21. Rf7 Nxe4 22. Bxe4 Rxe4 23. Rbf1 Qe8 24. Bh6 Bd4+ 25. Kh1 Kg8 26. Nxc7 Qxf7 27. Rxf7 Kxf7 28. Nxa8 Ne5 29. Kg2 a4 30. bxa4 Nxc4 31. Qd3 d5 32. Nc7 Ne5 33. Qf1+ 1-0